| 000 | 01010nac a22002531u 4500 | ||
|---|---|---|---|
| 010 | _a2004048113 | ||
| 020 | _a0070549818 (alk. paper) | ||
| 020 | _a0071139141 | ||
| 082 | 0 | 0 |
_a330 _bS1938 |
| 090 |
_c4569 _d4569 |
||
| 100 | _aSamuelson, Paul Anthon | ||
| 245 | 1 | 0 |
_aEconomics / _cPaul A. Samuelson, William D. Nordhaus ; with the assistance of Michael J. Mandel. |
| 250 | _a15th ed. | ||
| 260 |
_aBoston : _bMcGraw-Hill/Irwin,c1995. _cc1995. |
||
| 300 |
_axxxvii, 789 p. : _bill. (some col.) ; _c26 cm. |
||
| 504 | _aIncludes bibliographical references and index. | ||
| 650 | 0 | _aEconomics. | |
| 700 | 1 | _aNordhaus, William D. | |
| 700 | 1 | _aMandel, Michael J. | |
| 856 | 4 | 1 |
_3Table of contents only _uhttp://www.loc.gov/catdir/toc/mh041/2004048113.html |
| 856 | 4 | 1 |
_3Publisher description _uhttp://www.loc.gov/catdir/enhancements/fy0632/2004048113-d.html |
| 942 |
_cBB _k330S1938 |
||
| 999 |
_c4569 _d4569 |
||